عرض عادي
عرض مارك
- Tall buildings
مدخل مصطلح موضوعي
001 - رقم الضبط
- حقل الضبط: 44712
003 - معرف رقم الضبط
- حقل الضبط: OSt
005 - تاريخ ووقت أخر عملية
- حقل الضبط: 20140511171743.0
008 - عناصر بيانات ثابتة الطول
- حقل تحكم ثابت الطول: 140511|||a|||||| | ||| d
040 ## - مصدر الفهرسة
- هيئة الفهرسة الأصلية: OSt
- وكالة الكتابة: OSt
150 ## - مدخل-- مصطلح تاريخي
- عنصر مدخل المصطلح الموضوعي او الاسم الجغرافي: Tall buildings
- تفريع عام: Design and construction.
670 ## - بيانات المصدر موجوده
- الاستشهاد بالمصدر: Work cat.: (OSt)0: Irwin, Peter 44710, Wind tunnel testing of high-rise buildings :, 2013.
